• 首页
  • 本馆介绍
  • 公告通知
  • 最新文献
  • 馆藏检索
  • 电子资源
  • 读者导购
  • 参考咨询
  • 我的图书馆
  • 登录
  • 详细信息显示
  • 放入我的书架
  • 预约/预借图书
  • 作者相关作品
  • 分类相关作品
  • 丛书相关作品
  • 出版社相关作品

书目信息

  • 表格格式
  • 工作单格式
  • 卡片格式
题名:
动词用法词典
    
 
作者: 孟琮 , 郑怀德 , 孟庆海 编
分册:  
出版信息: 上海   上海辞书出版社  1987
页数: 960页
开本: 19cm
丛书名:
单 册:
中图分类: H042-61
科图分类:
主题词: 词类--词典
电子资源:
ISBN:
000 00712nam0 2200265 45
001 0187003805
005 20050420143112.5
010    @b精装@dCNY5.50
091    @a9187.12
100    @a19901101d1987 em y0chiy0121 ea
101 0  @achi
102    @aCN@b310000
105    @ay e 001yy
200 10 @a动词用法词典@Adong ci yong fa ci dian@f孟琮等编@FMeng Cong Deng Bian
210    @a上海@c上海辞书出版社@d1987
215    @a960页@d19cm
300    @a附: 词目音序索引、词目笔画索引
606 0  @a词类@x词典
690    @aH042-61@v3
701  0 @a孟琮@4编
701  0 @a郑怀德@4编
701  0 @a孟庆海@4编
801  0 @aCN@b深圳图书馆@c20050420
801  2 @aCN@bNLC@c20050420
905    @f1@b204806@dH042-61@e18
    
    动词用法词典/孟琮等编.-上海:上海辞书出版社,1987
    960页;19cm
    附: 词目音序索引、词目笔画索引
    
    ISBN (精装):CNY5.50
    
●
相关链接 在E读中查询图书 在五车中查询图书 在当当中查询图书 在豆瓣中查询图书


正题名:动词用法词典     索取号:H042-61/18         预约/预借

序号 登录号 条形码 馆藏地/架位号 状态 备注
1 0204806   002025882   工具书阅览室/ [索取号:H042-61/18] 在馆    
2 0204807   202075574   第二样本阅览室/ [索取号:H042-61/18] 在馆    
唐山师范学院图书馆 欢迎您!
大连网信软件有限公司© 版权所有